Top 25 Trading Partners - Costa Rica - Statistics

General Stats
  • This quiz has been taken 46 times
  • The average score is 44 of 50
Answer Stats
Hint Answer % Correct
1st Place: 4,624 United States of America
100%
1st Place: 6,476 United States of America
100%
23rd Place: 41 Brazil
98%
7th Place: 349 Brazil
98%
13th Place: 198 China
98%
2nd Place: 2,271 China
98%
4th Place: 580 Panama
98%
12th Place: 219 Panama
98%
17th Place: 80 Canada
95%
17th Place: 152 Canada
95%
18th Place: 64 France
95%
19th Place: 125 France
95%
9th Place: 284 Mexico
95%
3rd Place: 1,166 Mexico
95%
12th Place: 202 United Kingdom
95%
20th Place: 125 United Kingdom
95%
21st Place: 110 Argentina
93%
8th Place: 295 El Salvador
93%
11th Place: 242 El Salvador
93%
9th Place: 279 Chile
90%
15th Place: 128 Germany
90%
5th Place: 414 Germany
90%
5th Place: 570 Guatemala
90%
4th Place: 415 Guatemala
90%
14th Place: 178 Italy
90%
13th Place: 214 Italy
90%
11th Place: 240 Japan
90%
6th Place: 372 Japan
90%
6th Place: 481 Nicaragua
90%
18th Place: 149 Nicaragua
90%
20th Place: 55 Colombia
88%
8th Place: 307 Colombia
88%
7th Place: 394 Honduras
88%
22nd Place: 109 Honduras
88%
15th Place: 177 India
88%
2nd Place: 679 Netherlands
86%
24th Place: 89 Netherlands
86%
25th Place: 36 South Korea
86%
14th Place: 189 South Korea
86%
10th Place: 259 Spain
86%
3rd Place: 675 Belgium
81%
24th Place: 40 Ecuador
81%
10th Place: 242 Dominican Republic
79%
19th Place: 59 Jamaica
76%
25th Place: 84 Turkey
76%
22nd Place: 52 Portugal
74%
16th Place: 88 Ireland
71%
16th Place: 156 Switzerland
71%
21st Place: 53 Trinidad and Tobago
67%
23rd Place: 107 Thailand
62%
No matching quizzes found
Score Distribution
Percent of People with Each Score
Percentile by Number Answered
Your Score History
You have not taken this quiz